محاسن الإسلام (Record no. 553775)
[ view plain ]
| 000 -LEADER | |
|---|---|
| fixed length control field | 00403nam a22001217a 4500 |
| 082 ## - DEWEY DECIMAL CLASSIFICATION NUMBER | |
| Classification number | 297.7 |
| Author Mark | SAD |
| 100 ## - MAIN ENTRY--PERSONAL NAME | |
| Personal name | Saday, Abdur Rehman bin nasir bin |
| 9 (RLIN) | 51035 |
| 245 ## - TITLE STATEMENT | |
| Title | محاسن الإسلام |
| Remainder of title | معاشرے پر اسلامی احکامات کے خوبصورت اثرات |
| 260 ## - PUBLICATION, DISTRIBUTION, ETC. | |
| Place of publication, distribution, etc. | Riaz, |
| Name of publisher, distributor, etc. | Darasalam, |
| Date of publication, distribution, etc. | 2000. |
| 300 ## - PHYSICAL DESCRIPTION | |
| Extent | 63p. |
| Dimensions | 17cm. |
| 526 ## - STUDY PROGRAM INFORMATION NOTE | |
| Program name | 0 |
| Interest level | 0 |
| Reading level | 0 |
| Title point value | 297_700000000000000_SAD |
| 942 ## - ADDED ENTRY ELEMENTS (KOHA) | |
| Source of classification or shelving scheme | |
| Koha item type | Book |
| Withdrawn status | Lost status | Source of classification or shelving scheme | Damaged status | Not for loan | Permanent Location | Current Location | Date acquired | Total Checkouts | Full call number | Barcode | Date last seen | Price effective from | Koha item type |
|---|---|---|---|---|---|---|---|---|---|---|---|---|---|
| Military College of Engineering (MCE) | Military College of Engineering (MCE) | 03/15/2017 | 297.7 SAD | MCE-35169 | 03/15/2017 | 03/15/2017 | Book |
